000 00890na a2200301 4500
001 12876
003 MIRAKIL
005 20181213154936.0
008 160923b tu 000 0
020 _a9751932734
035 _a12876
040 _aMilas
_btur
_cTR-AnCHP
082 _a297.1228
_bK26a 2006
090 _a297.1228 K26a 2006
100 _aKaragöz, İsmail
245 _aAyet ve hadislerin ışığında sevgi ve dostluk
_cİsmail Karagöz
246 _aSevgi ve dostluk
250 _a3. bs.
260 _aAnkara
_bDiyanet İşleri Başkanlığı
_c2006
300 _a255 s.
_c19 sm.
490 _aHalk Kitapları
_v144
490 _aDiyanet İşleri Başkanlığı yayınları
_v559
504 _aKaynakça var.
650 _aİslam dini
_xAyet
650 _aİslam dini
_xHadis
650 _aİslam dini
_xİslam ahlakı
_xKur'an-ı Kerim
942 _2dcc
_cBKS
999 _c3589
_d3589